[Event "4NCL/Div3/PPA2 vs. PPA1"]
[Site "Birmingham ENG"]
[Date "2005.10.22"]
[Round "1.1"]
[White "Goodger, Martyn"]
[Black "Swanson, Stephen"]
[Result "1/2-1/2"]
[WhiteElo "2162"]
[BlackElo "2270"]
[PlyCount "38"]
[EventDate "2005.10.22"]
[EventType "team"]
[EventRounds "11"]
[EventCountry "ENG"]
[SourceDate "2005.10.25"]

1. e4 g6 2. d4 c6 3. Nc3 d5 4. Be3 Bg7 5. Qd2 dxe4 6. Nxe4 Nd7 7. Nf3 Ngf6 8.
Nxf6+ Nxf6 9. Be2 O-O 10. O-O Ne4 11. Qb4 Qc7 12. g3 a5 13. Qa3 Qd6 14. Qxd6
Nxd6 15. c3 Be6 16. Ne5 Nf5 17. Bf4 h5 18. Rfe1 a4 19. Bf3 Bxe5 1/2-1/2

[Event "4NCL/Div3/PPA2 vs. PPA1"]
[Site "Birmingham ENG"]
[Date "2005.10.22"]
[Round "1.2"]
[White "Dignam, Matthew"]
[Black "Winfridsson, Ola"]
[Result "1-0"]
[WhiteElo "2172"]
[BlackElo "2099"]
[PlyCount "67"]
[EventDate "2005.10.22"]
[EventType "team"]
[EventRounds "11"]
[EventCountry "ENG"]
[SourceDate "2005.10.25"]

1. d4 Nf6 2. Nc3 d5 3. Bg5 Nbd7 4. Nf3 g6 5. e3 Bg7 6. Be2 O-O 7. O-O c6 8. b4
Ne4 9. Nxe4 dxe4 10. Nd2 h6 11. Bh4 f5 12. Rb1 g5 13. Bc4+ Kh8 14. Bxg5 Qe8 15.
Bf4 e5 16. dxe5 Nxe5 17. Bb3 Be6 18. Qe2 Rd8 19. Rfd1 Ng6 20. Bg3 Bc3 21. Nc4
Rxd1+ 22. Rxd1 Bxb4 23. Qh5 Kh7 24. Bd6 Bxd6 25. Rxd6 Qf7 26. Nd2 Re8 27. h3
Kg7 28. Nf1 Bxb3 29. axb3 Re6 30. Ng3 Re5 31. c4 Kh7 32. Ne2 f4 33. Qg4 fxe3
34. fxe3 1-0

[Event "4NCL/Div3/PPA2 vs. PPA1"]
[Site "Birmingham ENG"]
[Date "2005.10.22"]
[Round "1.3"]
[White "Retallick, Lloyd"]
[Black "Harley, Andrew"]
[Result "0-1"]
[WhiteElo "2080"]
[BlackElo "2239"]
[Annotator "Parker,Robert"]
[PlyCount "104"]
[EventDate "2005.10.22"]
[EventType "team"]
[EventRounds "11"]
[EventCountry "ENG"]
[SourceDate "2005.10.25"]

1. d4 e6 2. c4 Nf6 3. Nc3 Bb4 4. Qc2 O-O 5. a3 Bxc3+ 6. Qxc3 b6 7. Bg5 Bb7 8.
f3 h6 9. Bh4 d5 10. e3 Nbd7 11. cxd5 Nxd5 12. Bxd8 Nxc3 13. Bh4 Nd5 14. Bf2 c5
15. Bb5 Rfd8 16. e4 Nc7 17. Be2 cxd4 18. Bxd4 e5 19. Bc3 Ne6 20. Nh3 Rac8 21.
Rd1 Nec5 22. Bb5 a6 23. Bxd7 Rxd7 24. Rxd7 Nxd7 25. Ke2 Kf8 26. Rd1 Ke8 27. Nf2
f6 28. Ng4 Nc5 29. Ne3 Na4 30. Rd3 Nxc3+ {=} 31. bxc3 a5 32. Kd2 Rc6 33. Nf5
Ba6 34. Nxg7+ Kf8 35. Rd7 Bf1 36. g3 Bg2 37. Nf5 Bxf3 38. Rd6 {=} Bxe4 39. Rxc6
Bxc6 40. Nxh6 Bd7 41. g4 Kg7 42. Nf5+ Bxf5 43. gxf5 Kh6 44. Ke3 Kg5 45. Ke4 b5
46. h3 a4 47. Kd5 Kxf5 48. Kc5 e4 49. Kd4 Kf4 50. c4 bxc4 51. Kxc4 e3 52. Kd3
Kf3 0-1

[Event "4NCL/Div3/PPA2 vs. PPA1"]
[Site "Birmingham ENG"]
[Date "2005.10.22"]
[Round "1.4"]
[White "Posazhennikov, Alex"]
[Black "Kemp, Paul"]
[Result "1-0"]
[WhiteElo "2235"]
[BlackElo "2125"]
[PlyCount "99"]
[EventDate "2005.10.22"]
[EventType "team"]
[EventRounds "11"]
[EventCountry "ENG"]
[SourceDate "2005.10.25"]

1. d4 d5 2. c4 c6 3. Nf3 Nf6 4. Nc3 e6 5. Bg5 dxc4 6. e4 b5 7. e5 h6 8. Bh4 g5
9. Nxg5 hxg5 10. Bxg5 Be7 11. exf6 Bxf6 12. Bxf6 Qxf6 13. g3 Bb7 14. Bg2 Na6
15. Nxb5 O-O-O 16. Nxa7+ Kc7 17. Qa4 Qxd4 18. Qa5+ Kb8 19. Nxc6+ Bxc6 20. Bxc6
Ka7 21. O-O Qb6 22. Qxb6+ Kxb6 23. Bf3 Rd2 24. Rac1 Rc8 25. Rc3 Rxb2 26. Rfc1
Rb4 27. a3 Ra4 28. Bd1 Ra5 29. Rxc4 Rxc4 30. Rxc4 Rxa3 31. Bh5 f5 32. Bf7 Nc5
33. h4 Ra7 34. Bg6 Kc6 35. Rd4 Ra8 36. h5 Rh8 37. Kg2 Nd7 38. Bf7 e5 39. Rd1
Nf6 40. Bg6 f4 41. gxf4 Nxh5 42. fxe5 Nf4+ 43. Kg3 Nxg6 44. Rd6+ Kc5 45. Rxg6
Kd5 46. f4 Ke4 47. Kg4 Rh1 48. Kg5 Rf1 49. e6 Rxf4 50. Rf6 1-0

[Event "4NCL/Div3/PPA2 vs. PPA1"]
[Site "Birmingham ENG"]
[Date "2005.10.22"]
[Round "1.5"]
[White "McCorry, Rob"]
[Black "Toothill, John"]
[Result "1/2-1/2"]
[WhiteElo "2080"]
[BlackElo "2174"]
[PlyCount "42"]
[EventDate "2005.10.22"]
[EventType "team"]
[EventRounds "11"]
[EventCountry "ENG"]
[SourceDate "2005.10.25"]

1. e4 e5 2. Bc4 Nf6 3. d3 c6 4. Nf3 d5 5. Bb3 Bd6 6. O-O O-O 7. exd5 cxd5 8.
Nc3 e4 9. dxe4 dxe4 10. Ng5 Bf5 11. Qe2 Nc6 12. Ncxe4 Nd4 13. Qe1 Nxe4 14. Nxe4
Bxh2+ 15. Kxh2 Qh4+ 16. Kg1 Bxe4 17. Qe3 Bxc2 18. Qh3 Qf6 19. Be3 Bxb3 20. Bxd4
Qxd4 21. Qxb3 Qb6 1/2-1/2

[Event "4NCL/Div3/PPA2 vs. PPA1"]
[Site "Birmingham ENG"]
[Date "2005.10.22"]
[Round "1.6"]
[White "Byway, Paul"]
[Black "Bailey, Kevin"]
[Result "0-1"]
[WhiteElo "2203"]
[BlackElo "2089"]
[PlyCount "88"]
[EventDate "2005.10.22"]
[EventType "team"]
[EventRounds "11"]
[EventCountry "ENG"]
[SourceDate "2005.10.25"]

1. c4 b6 2. d4 Nf6 3. Nc3 Bb7 4. a3 e6 5. Bg5 d5 6. cxd5 exd5 7. e3 Be7 8. Qc2
Nbd7 9. Nf3 O-O 10. Bd3 c5 11. O-O h6 12. Bh4 Rc8 13. Rfe1 Re8 14. Rad1 a6 15.
Bf5 Ra8 16. dxc5 bxc5 17. Rb1 Qc7 18. Bg3 Bd6 19. Bxd6 Qxd6 20. b4 c4 21. Nd4
Ne5 22. Qd2 Bc8 23. h3 Bxf5 24. Nxf5 Qd7 25. Nd4 Nd3 26. Rf1 Ne4 27. Nxe4 Rxe4
28. Qc2 Rb8 29. Ne2 Rb6 30. Ng3 Rh4 31. f4 g5 32. fxg5 hxg5 33. Rf5 Rg6 34.
Rbf1 Rh7 35. Qd1 g4 36. hxg4 Qe7 37. Rh5 Qxe3+ 38. Kh1 Qxg3 39. Rxh7 Kxh7 40.
Rxf7+ Kg8 41. Qf3 Rh6+ 42. Kg1 Qh2+ 43. Kf1 Qh1+ 44. Ke2 Qe1# 0-1

[Event "4NCL/Div3/PPA2 vs. PPA1"]
[Site "Birmingham ENG"]
[Date "2005.10.22"]
[Round "1.7"]
[White "Williams, Henry J"]
[Black "Rosen, Daniel B"]
[Result "0-1"]
[WhiteElo "1880"]
[BlackElo "2155"]
[PlyCount "110"]
[EventDate "2005.10.22"]
[EventType "team"]
[EventRounds "11"]
[EventCountry "ENG"]
[SourceDate "2005.10.25"]

1. e4 g6 2. Nf3 Bg7 3. d4 d6 4. Bc4 Nf6 5. Nc3 O-O 6. h3 Nxe4 7. Nxe4 d5 8.
Bxd5 Qxd5 9. Nc3 Qd6 10. O-O c6 11. Re1 Bf5 12. Bg5 Re8 13. Qd2 Nd7 14. Nh4 Be6
15. Nf3 Nb6 16. Bf4 Qd7 17. Rad1 Rad8 18. Be5 Nc4 19. Qc1 Nxe5 20. Nxe5 Qc8 21.
Qe3 Bf5 22. Ne4 Bxe4 23. Qxe4 Qe6 24. b3 Qd5 25. Qxd5 cxd5 26. c4 dxc4 27. bxc4
Rc8 28. Rb1 b6 29. Rbc1 e6 30. Nf3 Red8 31. Red1 Rc7 32. Rc2 Rdc8 33. c5 Kf8
34. Ng5 bxc5 35. dxc5 Rxc5 36. Rd8+ Rxd8 37. Rxc5 h6 38. Nf3 Ke7 39. Kf1 Rd5
40. Rc7+ Rd7 41. Rc8 Kd6 42. Ke2 Kd5 43. Kd3 e5 44. Ke2 e4 45. Nd2 f5 46. Nc4
Bd4 47. Ne3+ Ke6 48. Nc4 Kd5 49. Nd2 Rd6 50. Nb3 Bb6 51. f3 exf3+ 52. gxf3 Rc6
53. Rxc6 Kxc6 54. Kd3 Kd5 55. Nd2 g5 0-1

[Event "4NCL/Div3/PPA2 vs. PPA1"]
[Site "Birmingham ENG"]
[Date "2005.10.22"]
[Round "1.8"]
[White "Sirisena, Chantal N"]
[Black "Williams, Soriah L"]
[Result "1-0"]
[WhiteElo "1939"]
[BlackElo "1465"]
[PlyCount "87"]
[EventDate "2005.10.22"]
[EventType "team"]
[EventRounds "11"]
[EventCountry "ENG"]
[SourceDate "2005.10.25"]

1. e4 e5 2. Bc4 Nc6 3. Nc3 Nf6 4. d3 Bc5 5. f4 d6 6. f5 O-O 7. Bg5 h6 8. Bh4
Na5 9. Nd5 Kh8 10. Bxf6 gxf6 11. Qd2 Kh7 12. Qxa5 b6 13. Qd2 Rg8 14. Nf3 Bb7
15. b4 Bd4 16. c3 Bxc3 17. Nxc3 Qe7 18. Nd1 Rad8 19. Ne3 c6 20. h3 d5 21. Ng4
Qf8 22. Nxf6+ Kg7 23. Nxg8 Qxg8 24. exd5 cxd5 25. Bb3 e4 26. Nd4 exd3 27. Qxd3
Re8+ 28. Kd2 Kh8 29. g4 Qg5+ 30. Kc2 Rc8+ 31. Kb2 Qh4 32. Rae1 Qd8 33. Ba4 Qf8
34. Qb5 Kh7 35. a3 Qg7 36. Qd3 Kh8 37. Re8+ Rxe8 38. Bxe8 Qe5 39. Bxf7 Qe7 40.
Bg6 Qf6 41. Re1 Kg8 42. Qc3 Kf8 43. Re8+ Kg7 44. Ne6# 1-0

[Event "4NCL/Div3/KHE vs. MIN"]
[Site "Birmingham ENG"]
[Date "2005.10.22"]
[Round "1.1"]
[White "McMichael, Richard"]
[Black "Radovanovic, Jovica"]
[Result "1/2-1/2"]
[WhiteElo "2272"]
[BlackElo "2339"]
[Annotator "Parker,Robert"]
[PlyCount "103"]
[EventDate "2005.10.22"]
[EventType "team"]
[EventRounds "11"]
[EventCountry "ENG"]
[SourceDate "2005.10.25"]

1. d4 Nf6 2. Bg5 e6 3. e4 h6 4. Bxf6 Qxf6 5. c3 d6 6. Bd3 g6 7. Ne2 Bg7 8. O-O
Qe7 9. Nd2 Nc6 10. f4 e5 {=} 11. fxe5 dxe5 12. d5 Nd8 13. c4 O-O 14. Qc2 c5 15.
a4 a5 16. Nc3 b6 17. Rf2 Nb7 18. Raf1 Bd7 19. Nb5 Rad8 20. Nb1 Bxb5 21. cxb5
Nd6 22. Na3 h5 23. Nc4 Bh6 24. Rf3 Nxc4 25. Bxc4 Rd6 26. Qf2 Kg7 27. g3 {=} h4
28. g4 Bf4 29. Qc2 Rf6 30. Qc3 Bg5 31. Rxf6 Bxf6 32. Qd2 Rd8 33. Qc3 Rd6 34.
Kg2 Bg5 35. Rf2 Kf8 36. h3 Rf6 37. Rxf6 Qxf6 38. Qf3 Bf4 39. Qd1 Qd6 40. Qe1
Bg5 41. Qf2 Ke7 42. Qf3 Bf4 43. Qf2 Qf6 44. Qf3 Kd6 45. Qf2 Qg5 46. Be2 f6 47.
Qf3 Be3 48. Bd3 Kd7 49. b3 Bd4 50. Bc4 Qc1 51. Bf1 Qe1 52. Kh1 1/2-1/2

[Event "4NCL/Div3/KHE vs. MIN"]
[Site "Birmingham ENG"]
[Date "2005.10.22"]
[Round "1.2"]
[White "McFarland, Robert S"]
[Black "Thomas, Richard H"]
[Result "1-0"]
[WhiteElo "2257"]
[BlackElo "2219"]
[PlyCount "69"]
[EventDate "2005.10.22"]
[EventType "team"]
[EventRounds "11"]
[EventCountry "ENG"]
[SourceDate "2005.10.25"]

1. Nf3 g6 2. g3 b6 3. Bg2 Bb7 4. O-O Bg7 5. d4 c5 6. d5 Nf6 7. c4 O-O 8. Nc3 d6
9. h3 Na6 10. Bg5 h6 11. Bf4 g5 12. Bd2 Nc7 13. a4 e6 14. e4 exd5 15. exd5 Re8
16. Nh2 a6 17. f4 gxf4 18. Rxf4 b5 19. Ng4 Bc8 20. Nxf6+ Bxf6 21. axb5 Rb8 22.
bxa6 Bg5 23. a7 Rxb2 24. Rf2 Rxd2 25. Rxd2 Bxd2 26. Qxd2 Bf5 27. Qxh6 Na8 28.
Nb5 Bg6 29. Qf4 Re5 30. Ra6 Rf5 31. Rxd6 Qa5 32. Qe3 Qa1+ 33. Kh2 Re5 34. Rd8+
Kh7 35. Qc3 1-0

[Event "4NCL/Div3/KHE vs. MIN"]
[Site "Birmingham ENG"]
[Date "2005.10.22"]
[Round "1.3"]
[White "Whiteley, Andrew"]
[Black "Richards, Heather"]
[Result "1/2-1/2"]
[WhiteElo "2228"]
[BlackElo "2239"]
[PlyCount "89"]
[EventDate "2005.10.22"]
[EventType "team"]
[EventRounds "11"]
[EventCountry "ENG"]
[SourceDate "2005.10.25"]

1. d4 e6 2. Nf3 d5 3. c4 c5 4. cxd5 exd5 5. Nc3 Nc6 6. g3 Nf6 7. Bg2 Be7 8. O-O
O-O 9. dxc5 Be6 10. Na4 Qd7 11. a3 Ne4 12. Be3 Rad8 13. Nd4 Nxd4 14. Bxd4 Bh3
15. Rc1 Rfe8 16. e3 Bf8 17. f3 Ng5 18. Nc3 h5 19. Ne2 Bxg2 20. Kxg2 Qh3+ 21.
Kh1 Ne6 22. Nf4 Nxf4 23. gxf4 g6 24. Bf6 Be7 25. Bxe7 Rxe7 26. e4 Red7 27. e5
d4 28. Qd3 Rd5 29. c6 bxc6 30. Rxc6 Qf5 31. Qxf5 gxf5 32. Rd1 d3 33. Rd2 Rd4
34. Rc3 Kf8 35. Kg2 Ke7 36. Kf2 Rxf4 37. Rdxd3 Rxd3 38. Rxd3 Ke6 39. Kg3 Rc4
40. f4 h4+ 41. Kxh4 Rxf4+ 42. Kg3 Rg4+ 43. Kf3 Rh4 44. Kg3 Rg4+ 45. Kf3 1/2-1/2

[Event "4NCL/Div3/KHE vs. MIN"]
[Site "Birmingham ENG"]
[Date "2005.10.22"]
[Round "1.4"]
[White "Hardman, Michael J"]
[Black "Ruecker, Benjamin"]
[Result "0-1"]
[WhiteElo "2138"]
[BlackElo "2229"]
[PlyCount "70"]
[EventDate "2005.10.22"]
[EventType "team"]
[EventRounds "11"]
[EventCountry "ENG"]
[SourceDate "2005.10.25"]

1. d4 g6 2. c4 Bg7 3. Nf3 d6 4. g3 Nf6 5. Bg2 O-O 6. O-O Nbd7 7. Nc3 e5 8. e4
exd4 9. Nxd4 a6 10. b3 Re8 11. f3 Rb8 12. Be3 Ne5 13. Rc1 c5 14. Nde2 b5 15.
cxb5 axb5 16. Nf4 b4 17. Ncd5 Nxd5 18. Qxd5 Bb7 19. Qd2 Nc6 20. Nd5 Nd4 21. Bg5
f6 22. Be3 Bxd5 23. Bxd4 Be6 24. Be3 Rb6 25. f4 Qe7 26. Rfe1 Ra6 27. Bf1 Ra5
28. Qf2 Bf7 29. Bd3 Qb7 30. Qg2 f5 31. e5 Qxg2+ 32. Kxg2 Rxa2+ 33. Kg1 Bxb3 34.
exd6 Rxe3 35. d7 Rxd3 0-1

[Event "4NCL/Div3/KHE vs. MIN"]
[Site "Birmingham ENG"]
[Date "2005.10.22"]
[Round "1.5"]
[White "Spivack, Simon"]
[Black "Parker, Robert"]
[Result "1-0"]
[WhiteElo "2195"]
[BlackElo "2087"]
[PlyCount "81"]
[EventDate "2005.10.22"]
[EventType "team"]
[EventRounds "11"]
[EventCountry "ENG"]
[SourceDate "2005.10.25"]

1. e4 e5 2. Nf3 Nc6 3. Bb5 a6 4. Ba4 Nf6 5. O-O Be7 6. Qe2 b5 7. Bb3 O-O 8. c3
d6 9. Rd1 Na5 10. Bc2 c5 11. d4 Qc7 12. d5 Bd7 13. h3 c4 14. b4 cxb3 15. axb3
Nb7 16. Bd2 Rfb8 17. b4 a5 18. Bd3 Nd8 19. Na3 Qb7 20. bxa5 Rxa5 21. c4 b4 22.
Nb5 Rxa1 23. Rxa1 Bxb5 24. cxb5 b3 25. Be3 Ra8 26. Qb2 Rxa1+ 27. Qxa1 Nxd5 28.
exd5 Qxd5 29. Qb1 g6 30. Nd2 b2 31. b6 Bf6 32. Bc4 Qc6 33. Qxb2 d5 34. Bb5 Qd6
35. Ba6 Nc6 36. b7 Nb8 37. Be2 Kg7 38. Qb6 Be7 39. Qb5 Bd8 40. Bc5 Qe6 41. Bd1
1-0

[Event "4NCL/Div3/KHE vs. MIN"]
[Site "Birmingham ENG"]
[Date "2005.10.22"]
[Round "1.6"]
[White "Hawkins, Nick"]
[Black "Okike, David C"]
[Result "0-1"]
[WhiteElo "2036"]
[BlackElo "2158"]
[Annotator "Parker,Robert"]
[PlyCount "112"]
[EventDate "2005.10.22"]
[EventType "team"]
[EventRounds "11"]
[EventCountry "ENG"]
[SourceDate "2005.10.25"]

1. e4 e6 2. d4 d5 3. exd5 exd5 4. Nf3 Nf6 5. Bd3 Bg4 6. O-O Be7 7. Re1 O-O 8.
Bg5 Nbd7 9. Nbd2 Bh5 10. Nf1 Re8 11. Ng3 Bg6 12. Bxg6 hxg6 13. Qd3 c6 14. Re2
Bd6 15. Rae1 Rxe2 16. Rxe2 Qb6 17. Bc1 Qa5 18. a3 Qc7 19. Bd2 Nb6 20. Ne5 Na4
21. b3 {=} Nb6 22. a4 Nbd7 23. Nxd7 Qxd7 24. f3 Qc7 25. Be1 Nh5 26. Nxh5 Bxh2+
27. Kh1 gxh5 28. Qf5 g6 29. Qh3 Bd6 30. Bd2 Kg7 31. c4 Qc8 32. Qh4 Qf5 33. c5
Bf8 34. Re5 Qb1+ 35. Kh2 f6 36. Re1 Qf5 37. Qf2 Kf7 38. Qe3 Qd7 39. Kg3 b6 40.
cxb6 axb6 41. Kf2 Re8 42. Qd3 Rxe1 43. Bxe1 Qb7 44. Bd2 h4 45. Bf4 Bb4 46. Kg1
b5 47. Bd2 Bd6 48. Qe3 bxa4 49. Qh6 Qxb3 50. Qh7+ Ke6 51. Qg8+ Kd7 52. Ba5 Qd1+
53. Kf2 Qxd4+ 54. Kf1 Qd3+ 55. Kg1 Qb1+ 56. Kf2 Bc5+ 0-1

[Event "4NCL/Div3/KHE vs. MIN"]
[Site "Birmingham ENG"]
[Date "2005.10.22"]
[Round "1.7"]
[White "Mackenzie, Colin"]
[Black "Ackley, Peter"]
[Result "1/2-1/2"]
[WhiteElo "2144"]
[BlackElo "2030"]
[PlyCount "59"]
[EventDate "2005.10.22"]
[EventType "team"]
[EventRounds "11"]
[EventCountry "ENG"]
[SourceDate "2005.10.25"]

1. Nf3 d6 2. c4 f5 3. g3 Nf6 4. Nc3 g6 5. d3 Bg7 6. Bg2 O-O 7. O-O e5 8. c5 Nc6
9. cxd6 cxd6 10. b4 Qe7 11. Rb1 h6 12. b5 Nd8 13. Ba3 Nf7 14. Nd2 Be6 15. Nc4
Rfc8 16. Qd2 Bxc4 17. dxc4 Rxc4 18. Nd5 Nxd5 19. Qxd5 Rc7 20. e4 f4 21. Bh3 Kh7
22. Rfd1 Rd8 23. b6 axb6 24. Rxb6 Ng5 25. Bf1 fxg3 26. fxg3 Nf3+ 27. Kh1 Qg5
28. Bg2 Qh5 29. h3 Nd4 30. g4 1/2-1/2

[Event "4NCL/Div3/KHE vs. MIN"]
[Site "Birmingham ENG"]
[Date "2005.10.22"]
[Round "1.8"]
[White "Gibbs, Dominic"]
[Black "Compton, Alistair"]
[Result "0-1"]
[WhiteElo "1974"]
[BlackElo "2088"]
[Annotator "Parker,Robert"]
[PlyCount "86"]
[EventDate "2005.10.22"]
[EventType "team"]
[EventRounds "11"]
[EventCountry "ENG"]
[SourceDate "2005.10.25"]

{Match result 1-0 illegal player} 1. e4 e6 2. d4 d5 3. Nd2 Nf6 4. e5 Nfd7 5.
Bd3 c5 6. c3 Nc6 7. Ngf3 Qb6 8. O-O g6 9. Re1 Bg7 10. h4 cxd4 11. cxd4 Nxd4 12.
Nxd4 Qxd4 13. Nf3 Qg4 14. Bg5 O-O 15. Rc1 h6 16. Be7 Re8 17. Bd6 Bf8 18. Bxf8
Kxf8 19. Rc7 Qf4 20. a3 a6 21. g3 Qg4 22. Kg2 Kg7 23. Qd2 b5 24. Qe3 Qa4 25. h5
Qa5 26. Rec1 gxh5 27. Nd4 b4 28. Ne2 d4 29. Qf3 Rb8 30. R1c5 Qxc5 31. Rxc5 Nxc5
32. Qf6+ Kg8 33. Nf4 Nxd3 34. Nxd3 bxa3 35. bxa3 Bb7+ 36. Kh3 Be4 37. Nf4 Rb1
38. Nxh5 Rh1+ 39. Kg4 Bf5+ 40. Kf4 Rxh5 41. g4 d3 42. Ke3 Rh3+ 43. f3 Bxg4 0-1

[Event "4NCL/Div3/BRI2 vs. PPA1"]
[Site "Birmingham ENG"]
[Date "2005.11.19"]
[Round "3.1"]
[White "Easton, Alex"]
[Black "Dignam, Matthew"]
[Result "1-0"]
[WhiteElo "2100"]
[BlackElo "2172"]
[PlyCount "145"]
[EventDate "2005.11.19"]
[EventType "team"]
[EventRounds "11"]
[EventCountry "ENG"]
[SourceDate "2005.10.25"]

1. Nf3 Nf6 2. c4 g6 3. Nc3 Bg7 4. d4 O-O 5. e4 d6 6. Be2 e5 7. O-O Nc6 8. d5
Ne7 9. Nd2 Nd7 10. b4 g5 11. a4 Ng6 12. Bg4 Nf6 13. Bxc8 Qxc8 14. c5 Ne8 15.
Nc4 g4 16. Ne3 h5 17. Nf5 Qd7 18. f3 Nf6 19. Bg5 Nh7 20. fxg4 Nxg5 21. gxh5 Ne7
22. Qg4 Nxf5 23. Rxf5 Kh7 24. Rxg5 Qxg4 25. Rxg4 f5 26. Rg6 dxc5 27. bxc5 Bh6
28. exf5 Be3+ 29. Kf1 Rxf5+ 30. Ke2 Bd4 31. Rc1 Rxh5 32. Rg3 Bxc3 33. Rcxc3 Rd8
34. Rh3 Rxh3 35. Rxh3+ Kg6 36. Rd3 Kf5 37. Ke3 b6 38. cxb6 axb6 39. Rd2 e4 40.
Rd4 Rg8 41. g3 Rh8 42. Rxe4 Rxh2 43. Re7 Ra2 44. Rxc7 Ke5 45. Rc4 Ra3+ 46. Kf2
Kxd5 47. Rb4 Ke5 48. g4 Rc3 49. Rxb6 Rc4 50. Rb5+ Ke6 51. Kg3 Rxa4 52. Rf5 Ra1
53. Kh4 Ra8 54. Rf4 Ke5 55. Rf5+ Ke6 56. Kg3 Ra1 57. Rf8 Ke7 58. Rf4 Ke6 59. g5
Rg1+ 60. Kh4 Ke5 61. Rf8 Rh1+ 62. Kg4 Ke6 63. g6 Ke7 64. Rf4 Ke6 65. Kg5 Rg1+
66. Kh6 Ke5 67. Rf2 Ke6 68. g7 Ke7 69. Kh7 Rh1+ 70. Kg8 Rg1 71. Re2+ Kd8 72.
Re5 Kd7 73. Kf7 1-0

[Event "4NCL/Div3/BRI2 vs. PPA1"]
[Site "Birmingham ENG"]
[Date "2005.11.19"]
[Round "3.2"]
[White "Harley, Andrew"]
[Black "Dilleigh, Stephen P"]
[Result "1/2-1/2"]
[WhiteElo "2239"]
[BlackElo "2149"]
[PlyCount "29"]
[EventDate "2005.11.19"]
[EventType "team"]
[EventRounds "11"]
[EventCountry "ENG"]
[SourceDate "2005.10.25"]

1. e4 e6 2. d4 d5 3. Nc3 Nf6 4. Bg5 dxe4 5. Nxe4 Be7 6. Bxf6 Bxf6 7. Nf3 Nd7 8.
Bd3 c5 9. c3 cxd4 10. Nxf6+ Nxf6 11. Bb5+ Bd7 12. Bxd7+ Qxd7 13. Qxd4 Qxd4 14.
Nxd4 Ke7 15. O-O-O 1/2-1/2

[Event "4NCL/Div3/BRI2 vs. PPA1"]
[Site "Birmingham ENG"]
[Date "2005.11.19"]
[Round "3.3"]
[White "Collier, David O"]
[Black "Posazhennikov, Alex"]
[Result "1-0"]
[WhiteElo "2122"]
[BlackElo "2235"]
[PlyCount "103"]
[EventDate "2005.11.19"]
[EventType "team"]
[EventRounds "11"]
[EventCountry "ENG"]
[SourceDate "2005.10.25"]

1. d4 Nf6 2. Bg5 Ne4 3. Bf4 d5 4. f3 Nd6 5. e3 e6 6. Nd2 Be7 7. Bd3 Bh4+ 8. Bg3
Nf5 9. Bxf5 exf5 10. Qe2 O-O 11. Bxh4 Qxh4+ 12. g3 Qe7 13. O-O-O Re8 14. Re1 c5
15. dxc5 Qxc5 16. Nb3 Qb6 17. Qd2 Nc6 18. Nh3 Be6 19. Nd4 Ne5 20. b3 a5 21. a4
Qc5 22. Nf4 b5 23. axb5 a4 24. Nd3 Nxd3+ 25. Qxd3 axb3 26. Qxb3 Ra3 27. Qb2
Rea8 28. Kd2 Qb6 29. Rb1 Bd7 30. Ke2 R3a4 31. Kf2 h5 32. h4 Rb8 33. Ra1 Rc4 34.
Rhb1 Qf6 35. Ra6 Rb6 36. Rxb6 Qxb6 37. Ra1 Bc8 38. Ra8 Kh7 39. Qa3 f4 40. gxf4
Qf6 41. Qd3+ g6 42. Kg3 Qd6 43. Ra7 Rc7 44. Qa3 Qd7 45. Rxc7 Qxc7 46. Qf8 Qd7
47. f5 Qc7+ 48. f4 Bxf5 49. Nf3 g5 50. Nxg5+ Kg6 51. b6 Qxb6 52. Qg8+ 1-0

[Event "4NCL/Div3/BRI2 vs. PPA1"]
[Site "Birmingham ENG"]
[Date "2005.11.19"]
[Round "3.4"]
[White "Morgan, Ben"]
[Black "Humphreys, Jerry"]
[Result "0-1"]
[WhiteElo "2250"]
[BlackElo "2084"]
[PlyCount "64"]
[EventDate "2005.11.19"]
[EventType "team"]
[EventRounds "11"]
[EventCountry "ENG"]
[SourceDate "2005.10.25"]

1. d4 Nf6 2. c4 b6 3. Nc3 Bb7 4. Qc2 d5 5. cxd5 Nxd5 6. Nf3 e6 7. e4 Nxc3 8.
bxc3 Nd7 9. Bb5 c6 10. Bd3 Be7 11. Be3 Rc8 12. O-O c5 13. Qe2 O-O 14. Rad1 Nf6
15. Bc1 Re8 16. Bb1 Qc7 17. Ne5 b5 18. f4 b4 19. f5 Bd6 20. Ng4 Nxg4 21. Qxg4
exf5 22. Rxf5 cxd4 23. cxd4 Bxh2+ 24. Kh1 Qg3 25. Rg5 Qxg4 26. Rxg4 Bd6 27. Bb2
Re6 28. e5 Rh6+ 29. Kg1 Bf8 30. Bc1 Rhc6 31. Be3 Rc3 32. Bf2 Rc1 0-1

[Event "4NCL/Div3/BRI2 vs. PPA1"]
[Site "Birmingham ENG"]
[Date "2005.11.19"]
[Round "3.5"]
[White "Curtis, John"]
[Black "Toothill, John"]
[Result "1/2-1/2"]
[WhiteElo "2126"]
[BlackElo "2174"]
[PlyCount "41"]
[EventDate "2005.11.19"]
[EventType "team"]
[EventRounds "11"]
[EventCountry "ENG"]
[SourceDate "2005.10.25"]

1. d4 d5 2. Nf3 Nf6 3. e3 c6 4. c4 Bf5 5. Bd3 Bg6 6. O-O e6 7. Nc3 Be7 8. Re1
O-O 9. Ne5 Nbd7 10. Nxg6 hxg6 11. e4 dxe4 12. Nxe4 Nb6 13. Bf1 e5 14. Nxf6+
Bxf6 15. dxe5 Qxd1 16. Rxd1 Bxe5 17. Rb1 Rfd8 18. Re1 Re8 19. Bd2 Rad8 20. Ba5
Rd7 21. b3 1/2-1/2

[Event "4NCL/Div3/BRI2 vs. PPA1"]
[Site "Birmingham ENG"]
[Date "2005.11.19"]
[Round "3.6"]
[White "Byway, Paul"]
[Black "Fish, Jonathan M"]
[Result "1-0"]
[WhiteElo "2203"]
[BlackElo "2038"]
[PlyCount "33"]
[EventDate "2005.11.19"]
[EventType "team"]
[EventRounds "11"]
[EventCountry "ENG"]
[SourceDate "2005.10.25"]

1. d4 Nf6 2. Bf4 b6 3. e3 Bb7 4. Nf3 d6 5. h3 Nbd7 6. c4 g6 7. Nc3 Bg7 8. Be2
O-O 9. O-O Ne8 10. Rc1 e5 11. Bh2 f5 12. b4 Qe7 13. c5 exd4 14. cxd6 Nxd6 15.
Nxd4 Rfe8 16. Ncb5 Bxd4 17. Qxd4 1-0

[Event "4NCL/Div3/BRI2 vs. PPA1"]
[Site "Birmingham ENG"]
[Date "2005.11.19"]
[Round "3.7"]
[White "Spiller, Paul"]
[Black "Rosen, Daniel B"]
[Result "0-1"]
[WhiteElo "2000"]
[BlackElo "2155"]
[PlyCount "100"]
[EventDate "2005.11.19"]
[EventType "team"]
[EventRounds "11"]
[EventCountry "ENG"]
[SourceDate "2005.10.25"]

1. e4 g6 2. d4 Bg7 3. Nc3 d6 4. f4 Nf6 5. Nf3 c5 6. dxc5 Qa5 7. Bd2 Qxc5 8. Bd3
O-O 9. Qe2 Bg4 10. h3 Bxf3 11. Qxf3 Nc6 12. Be3 Qa5 13. O-O Rac8 14. a3 Nd7 15.
Nd1 Bd4 16. c3 Bxe3+ 17. Nxe3 Qb6 18. b4 Nce5 19. fxe5 Nxe5 20. Qe2 Rxc3 21.
Rad1 Qd4 22. Kh1 Rxd3 23. Nd5 e6 24. Nf6+ Kg7 25. Nd7 Rd8 26. Nxe5 Rxd1 27.
Qxd1 Qxe5 28. Qf3 Rd7 29. Rc1 f5 30. exf5 Qxf5 31. Qc3+ e5 32. Qc8 Rf7 33. Qd8
Qf6 34. Rc8 Qxd8 35. Rxd8 Kf6 36. Rxd6+ Kf5 37. Kg1 Ke4 38. Rd1 Ke3 39. Re1+
Kd4 40. Rd1+ Kc4 41. Re1 Kb3 42. Re3+ Ka4 43. g4 e4 44. Kg2 b5 45. g5 Rf5 46.
Rxe4 Rxg5+ 47. Kf2 Kxa3 48. Re7 Kxb4 49. Rxa7 Rh5 50. Kg3 Kb3 0-1

[Event "4NCL/Div3/BRI2 vs. PPA1"]
[Site "Birmingham ENG"]
[Date "2005.11.19"]
[Round "3.8"]
[White "Sirisena, Chantal N"]
[Black "Owens, Megan"]
[Result "1/2-1/2"]
[WhiteElo "1939"]
[BlackElo "1645"]
[PlyCount "66"]
[EventDate "2005.11.19"]
[EventType "team"]
[EventRounds "11"]
[EventCountry "ENG"]
[SourceDate "2005.10.25"]

1. e4 c5 2. Nc3 a6 3. g3 b5 4. Bg2 Bb7 5. d3 Nf6 6. f4 e6 7. Nf3 d5 8. e5 Nfd7
9. O-O Be7 10. Qe1 Nb6 11. Nd1 O-O 12. g4 N8d7 13. f5 exf5 14. gxf5 Re8 15. Qg3
Kh8 16. e6 fxe6 17. fxe6 Nf6 18. Ng5 Rf8 19. Nf7+ Rxf7 20. exf7 Qb8 21. Bf4 Qf8
22. Bg5 Bd6 23. Qh4 Nbd7 24. Bxf6 Nxf6 25. Rxf6 Be7 26. Qh5 Bxf6 27. Bxd5 Bxd5
28. Qxd5 Rd8 29. Qe6 Rd6 30. Qe8 Rd8 31. Qe6 Rd6 32. Qe8 Rd8 33. Qe6 Rd6
1/2-1/2